El hijo del pescador (Record no. 174058)
[ view plain ]
| 000 -LEADER | |
|---|---|
| campo de control de longitud fija | 00910namaa22001931 4500 |
| 001 - NÚMERO DE CONTROL | |
| campo de control | 174058 |
| 003 - IDENTIFICADOR DE NÚMERO DE CONTROL | |
| campo de control | ES-MaACL |
| 005 - FECHA Y HORA DE LA ÚLTIMA TRANSACCIÓN | |
| campo de control | 20230906215427.0 |
| 008 - DATOS DE LONGITUD FIJA--INFORMACIÓN GENERAL | |
| campo de control de longitud fija | 100210s1909 sp |||| | spa d |
| 080 ## - NÚMERO DE LA CLASIFICACIÓN DECIMAL UNIVERSAL | |
| Número de la Clasificación Decimal Universal | 860-293.21"19" |
| 100 1# - ENTRADA PRINCIPAL--NOMBRE DE PERSONA | |
| Nombre de persona | Romero Landa, Gabriel Arturo. |
| 9 (RLIN) | 99401 |
| 245 13 - MENCIÓN DEL TÍTULO | |
| Título | El hijo del pescador |
| Resto del título | : zarzuela en un acto y cinco cuadros / |
| Mención de responsabilidad, etc. | original de Gabriel Romero Landa ; música... Baltasar Moya Sancho. |
| 260 ## - PUBLICACIÓN, DISTRIBUCIÓN, ETC. | |
| Lugar de publicación, distribución, etc. | Palma de Mallorca : |
| Nombre del editor, distribuidor, etc. | [s.n.], |
| Fecha de publicación, distribución, etc. | 1909 ( |
| Fabricante | Tip. Amengual y Muntaner) |
| 300 ## - DESCRIPCIÓN FÍSICA | |
| Extensión | 35 p. ; |
| Dimensiones | 19 cm. |
| 500 ## - NOTA GENERAL | |
| Nota general | Solo la letra. |
| 500 ## - NOTA GENERAL | |
| Nota general | En port.: Estrenada en el teatro Lírico de Palma de Mallorca en la noche del 26 de enero de 1909. |
| 700 1# - ENTRADA AGREGADA--NOMBRE PERSONAL | |
| Nombre de persona | Moyà Sancho, Baltasar. |
| 9 (RLIN) | 142135 |
| 852 ## - LOCALIZACIÓN | |
| Ubicación | ES-MaACL |
| Número de control de estantería | F-8648(10) |
| Nota libre | .- Enc. pasta española conservando la cub. original |
| -- | .- Enc. en un vol. facticio formando parte de la col. facticia "Teatro español moderno" v. 105 |
| Estatus retirado | Estado de pérdida | Estado de daño | No para préstamo | Biblioteca de origen | Biblioteca actual | Ubicación en estantería | Fecha de adquisición | Fuente de adquisición | Total de préstamos | Signatura topográfica completa | Código de barras | Visto por última vez | Precio de reemplazo | Tipo de ítem Koha |
|---|---|---|---|---|---|---|---|---|---|---|---|---|---|---|
| Biblioteca del Ateneo de Madrid | Biblioteca del Ateneo de Madrid | Sala Pardo Bazán | 10/02/2010 | B-8648(10) | 1182707 | 23/02/2023 | 23/02/2023 | Libro impreso |
